[Event "Irena Warakomska Memorial A"]
[Site "Suwalki"]
[Date "2021.07.29"]
[Round "4"]
[White "Krainski, Aleksander"]
[Black "Warchol, Kamil"]
[Result "0-1"]
[Board "39"]
[WhiteElo "2066"]
[WhiteTitle "FM"]
[WhiteCountry "POL"]
[WhiteFideId "1102400"]
[WhiteEloChange "-7"]
[BlackElo "2183"]
[BlackTitle "CM"]
[BlackCountry "POL"]
[BlackFideId "21858241"]
[BlackEloChange "7"]

1. Nf3 {[%clk 1:30:50]} d5 {[%clk 1:28:12]} 2. d4 {[%clk 1:31:03]} Nf6 {[%clk
1:27:20]} 3. e3 {[%clk 1:31:25]} c5 {[%clk 1:22:48]} 4. c4 {[%clk 1:30:31]} dxc4
{[%clk 1:21:03]} 5. Bxc4 {[%clk 1:30:39]} e6 {[%clk 1:19:56]} 6. O-O {[%clk
1:30:51]} a6 {[%clk 1:18:58]} 7. dxc5 {[%clk 1:28:27]} Bxc5 {[%clk 1:18:27]} 8.
Qxd8+ {[%clk 1:28:15]} Kxd8 {[%clk 1:18:55]} 9. Nbd2 {[%clk 1:28:23]} Nc6 {[%clk
1:13:34]} 10. Nb3 {[%clk 1:22:55]} Bd6 {[%clk 1:12:05]} 11. Rd1 {[%clk 1:20:53]}
Ke7 {[%clk 1:11:17]} 12. Bd2 {[%clk 1:20:26]} b5 {[%clk 0:59:59]} 13. Be2 {[%clk
1:19:06]} Bb7 {[%clk 0:58:17]} 14. Na5 {[%clk 1:03:50]} Nxa5 {[%clk 0:56:47]} 15.
Bxa5 {[%clk 1:02:22]} Rac8 {[%clk 0:50:46]} 16. a4 {[%clk 0:53:08]} bxa4 {[%clk
0:25:52]} 17. Nd4 {[%clk 0:35:27]} g6 {[%clk 0:22:44]} 18. Rxa4 {[%clk 0:27:15]}
e5 {[%clk 0:21:49]} 19. Nf3 {[%clk 0:26:44]} Rc2 {[%clk 0:19:32]} 20. Bf1 {[%clk
0:24:29]} e4 {[%clk 0:16:30]} 21. Nd4 {[%clk 0:14:33]} Rxb2 {[%clk 0:16:46]} 22.
Bc3 {[%clk 0:14:55]} Rb6 {[%clk 0:17:07]} 23. Ba5 {[%clk 0:14:46]} Rb2 {[%clk
0:16:35]} 24. Bc3 {[%clk 0:15:07]} Rb6 {[%clk 0:16:50]} 25. Ne2 {[%clk 0:15:01]}
Rd8 {[%clk 0:09:59]} 26. Ng3 {[%clk 0:09:39]} Rd7 {[%clk 0:07:53]} 27. Bd4 {[%clk
0:09:25]} Rc6 {[%clk 0:06:57]} 28. Raa1 {[%clk 0:09:39]} Bxg3 {[%clk 0:06:49]}
29. Bxf6+ {[%clk 0:09:58]} Rxf6 {[%clk 0:07:14]} 30. hxg3 {[%clk 0:09:27]} Rxd1
{[%clk 0:07:10]} 31. Rxd1 {[%clk 0:09:55]} Rb6 {[%clk 0:06:57]} 32. Ra1 {[%clk
0:09:49]} Bc8 {[%clk 0:05:33]} 33. g4 {[%clk 0:08:47]} Bxg4 {[%clk 0:04:32]} 34.
Bxa6 {[%clk 0:08:54]} Be6 {[%clk 0:04:23]} 35. Bf1 {[%clk 0:08:47]} Rb7 {[%clk
0:03:42]} 36. Kh2 {[%clk 0:08:38]} Kf6 {[%clk 0:02:59]} 37. Rc1 {[%clk 0:08:57]}
Kg5 {[%clk 0:02:28]} 38. Kg3 {[%clk 0:09:14]} h5 {[%clk 0:02:14]} 39. Rc5+ {[%clk
0:08:54]} f5 {[%clk 0:02:16]} 40. Rc2 {[%clk 0:39:11]} Rb1 {[%clk 0:31:57]} 41.
Be2 {[%clk 0:31:28]} h4+ {[%clk 0:29:08]} 42. Kh2 {[%clk 0:31:43]} f4 {[%clk
0:29:16]} 43. exf4+ {[%clk 0:20:42]} Kxf4 {[%clk 0:29:27]} 44. Ba6 {[%clk
0:12:03]} g5 {[%clk 0:20:30]} 45. Rc3 {[%clk 0:11:14]} g4 {[%clk 0:16:51]} 46.
g3+ {[%clk 0:10:52]} hxg3+ {[%clk 0:16:22]} 47. Rxg3 {[%clk 0:10:49]} Rb6 {[%clk
0:09:35]} 48. Ra3 {[%clk 0:08:22]} Rb2 {[%clk 0:07:40]} 49. Kg1 {[%clk 0:07:20]}
Rb1+ {[%clk 0:06:03]} 50. Kh2 {[%clk 0:07:32]} Rb2 {[%clk 0:06:28]} 51. Kg1
{[%clk 0:07:59]} Bb3 {[%clk 0:06:02]} 52. Kf1 {[%clk 0:04:40]} Rb1+ {[%clk
0:04:04]} 53. Ke2 {[%clk 0:04:15]} Bd1+ {[%clk 0:04:28]} 54. Kd2 {[%clk 0:04:30]}
Bf3 {[%clk 0:04:43]} 55. Ra2 {[%clk 0:02:17]} Rd1+ {[%clk 0:04:39]} 56. Kc3
{[%clk 0:02:23]} g3 {[%clk 0:04:00]} 57. fxg3+ {[%clk 0:02:47]} Kxg3 {[%clk
0:04:27]} 58. Bc4 {[%clk 0:02:16]} Kf4 {[%clk 0:04:18]} 59. Ra7 {[%clk 0:02:17]}
Ke3 {[%clk 0:04:19]} 60. Ra3 {[%clk 0:01:28]} Kf4 {[%clk 0:03:45]} 61. Kc2 {[%clk
0:01:34]} Rd8 {[%clk 0:03:56]} 62. Ra7 {[%clk 0:01:46]} Rc8 {[%clk 0:03:52]} 63.
Kb3 {[%clk 0:01:59]} Ke3 {[%clk 0:03:51]} 64. Ra2 {[%clk 0:01:52]} Bh5 {[%clk
0:03:38]} 65. Rh2 {[%clk 0:02:04]} Bf3 {[%clk 0:04:02]} 66. Kc3 {[%clk 0:02:23]}
Ra8 {[%clk 0:03:43]} 67. Ra2 {[%clk 0:02:08]} Rh8 {[%clk 0:03:38]} 68. Ra1 {[%clk
0:02:27]} Rc8 {[%clk 0:03:48]} 69. Re1+ {[%clk 0:02:35]} Kf4 {[%clk 0:03:10]} 70.
Kd4 {[%clk 0:02:44]} Rd8+ {[%clk 0:03:30]} 71. Kc3 {[%clk 0:03:05]} e3 {[%clk
0:03:08]} 72. Bd3 {[%clk 0:03:02]} Rc8+ {[%clk 0:03:02]} 73. Kd4 {[%clk 0:03:19]}
Rd8+ {[%clk 0:03:05]} 74. Kc3 {[%clk 0:03:43]} Be4 {[%clk 0:03:16]} 75. Rf1+
{[%clk 0:03:44]} Ke5 {[%clk 0:03:24]} 76. Bc4 {[%clk 0:03:50]} Rc8 {[%clk
0:03:22]} 77. Kb4 {[%clk 0:04:01]} Bd5 {[%clk 0:03:04]} 78. Bb5 {[%clk 0:04:09]}
Rc2 {[%clk 0:02:21]} 79. Bd3 {[%clk 0:04:07]} Rc8 {[%clk 0:02:02]} 80. Bb5 {[%clk
0:04:13]} Ke4 {[%clk 0:02:12]} 81. Rd1 {[%clk 0:04:26]} Be6 {[%clk 0:01:56]} 82.
Bd3+ {[%clk 0:04:16]} Ke5 {[%clk 0:02:06]} 83. Re1 {[%clk 0:03:15]} Kd4 {[%clk
0:01:55]} 84. Rd1 {[%clk 0:03:32]} Rb8+ {[%clk 0:02:13]} 85. Bb5+ {[%clk
0:03:53]} Ke4 {[%clk 0:02:17]} 86. Kc5 {[%clk 0:04:06]} Bg4 {[%clk 0:02:05]} 87.
Bd3+ {[%clk 0:03:00]} Ke5 {[%clk 0:02:16]} 88. Re1 {[%clk 0:02:15]} Rc8+ {[%clk
0:02:36]} 89. Kb4 {[%clk 0:02:35]} Kd4 {[%clk 0:02:55]} 90. Bb5 {[%clk 0:02:27]}
Rb8 {[%clk 0:02:58]} 91. Ka5 {[%clk 0:01:52]} Rb7 {[%clk 0:02:39]} 92. Rg1 {[%clk
0:02:00]} Bf3 {[%clk 0:02:48]} 93. Re1 {[%clk 0:01:44]} Re7 {[%clk 0:02:57]} 94.
Kb4 {[%clk 0:01:24]} e2 {[%clk 0:03:12]} 95. Ba6 {[%clk 0:01:20]} Bg4 {[%clk
0:03:11]} 96. Bb5 {[%clk 0:01:31]} Rb7 {[%clk 0:03:10]} 97. Ka5 {[%clk 0:01:49]}
Ke3 {[%clk 0:03:27]} 98. Bxe2 {[%clk 0:01:25]} Bxe2 {[%clk 0:03:51]} 99. Rc1
{[%clk 0:01:51]} Kd4 {[%clk 0:03:38]} 100. Rc8 {[%clk 0:01:58]} Rb5+ {[%clk
0:03:09]} 101. Ka4 {[%clk 0:02:21]} Bc4 {[%clk 0:02:39]} 102. Rh8 {[%clk
0:02:14]} Rb2 {[%clk 0:02:28]} 103. Rd8+ {[%clk 0:01:56]} Kc3 {[%clk 0:01:48]}
104. Ka5 {[%clk 0:02:01]} Rb5+ {[%clk 0:02:09]} 105. Ka4 {[%clk 0:02:21]} Rb6
{[%clk 0:02:29]} 0-1

[Event "Irena Warakomska Memorial A"]
[Site "Suwalki"]
[Date "2021.07.30"]
[Round "5"]
[White "Socko, Bartosz"]
[Black "Pultinevicius, Paulius"]
[Result "1/2-1/2"]
[Board "1"]
[WhiteElo "2619"]
[WhiteTitle "GM"]
[WhiteCountry "POL"]
[WhiteFideId "1107038"]
[WhiteEloChange "-2"]
[BlackElo "2492"]
[BlackTitle "GM"]
[BlackCountry "LTU"]
[BlackFideId "12809390"]
[BlackEloChange "2"]

1. e4 {[%clk 1:30:58]} c6 {[%clk 1:30:36]} 2. Nc3 {[%clk 1:31:21]} d5 {[%clk
1:30:40]} 3. d4 {[%clk 1:31:45]} dxe4 {[%clk 1:31:05]} 4. Nxe4 {[%clk 1:32:09]}
Nf6 {[%clk 1:31:30]} 5. Nxf6+ {[%clk 1:32:31]} exf6 {[%clk 1:31:46]} 6. c3 {[%clk
1:32:54]} Bd6 {[%clk 1:32:13]} 7. Bd3 {[%clk 1:33:14]} O-O {[%clk 1:32:38]} 8.
Qc2 {[%clk 1:33:36]} Re8+ {[%clk 1:33:04]} 9. Ne2 {[%clk 1:33:50]} h5 {[%clk
1:33:30]} 10. O-O {[%clk 1:32:31]} h4 {[%clk 1:33:58]} 11. h3 {[%clk 1:31:24]}
Nd7 {[%clk 1:33:36]} 12. Re1 {[%clk 1:29:49]} Nf8 {[%clk 1:32:34]} 13. Be3 {[%clk
1:30:06]} Bb8 {[%clk 1:31:28]} 14. Qd2 {[%clk 1:14:04]} Ng6 {[%clk 1:28:49]} 15.
Bxg6 {[%clk 1:09:12]} fxg6 {[%clk 1:29:13]} 16. Bf4 {[%clk 1:09:33]} Be6 {[%clk
1:25:23]} 17. Bxb8 {[%clk 1:06:47]} Rxb8 {[%clk 1:25:38]} 18. Nf4 {[%clk
1:06:31]} Bf7 {[%clk 1:26:03]} 19. Rxe8+ {[%clk 1:00:40]} Qxe8 {[%clk 1:26:19]}
20. Re1 {[%clk 1:01:02]} Qd7 {[%clk 1:25:48]} 21. a3 {[%clk 0:59:30]} Rd8 {[%clk
1:20:16]} 22. Nd3 {[%clk 0:54:23]} Qf5 {[%clk 1:19:26]} 23. Re7 {[%clk 0:52:21]}
c5 {[%clk 1:08:45]} 24. Qe3 {[%clk 0:46:00]} cxd4 {[%clk 1:08:58]} 25. cxd4
{[%clk 0:46:24]} Qd5 {[%clk 1:05:41]} 26. Ne1 {[%clk 0:29:56]} Rc8 {[%clk
0:53:55]} 27. f4 {[%clk 0:22:47]} 1/2-1/2

[Event "Irena Warakomska Memorial A"]
[Site "Suwalki"]
[Date "2021.07.30"]
[Round "5"]
[White "Kosakowski, Jakub"]
[Black "Laurusas, Tomas"]
[Result "1/2-1/2"]
[Board "2"]
[WhiteElo "2417"]
[WhiteTitle "IM"]
[WhiteCountry "POL"]
[WhiteFideId "1185080"]
[WhiteEloChange "1"]
[BlackElo "2518"]
[BlackTitle "IM"]
[BlackCountry "LTU"]
[BlackFideId "12803731"]
[BlackEloChange "-1"]

1. e4 {[%clk 1:30:44]} d5 {[%clk 1:30:58]} 2. exd5 {[%clk 1:30:43]} Qxd5 {[%clk
1:31:20]} 3. Nc3 {[%clk 1:30:38]} Qa5 {[%clk 1:31:45]} 4. d4 {[%clk 1:30:42]} Nf6
{[%clk 1:32:10]} 5. Bc4 {[%clk 1:27:17]} c6 {[%clk 1:32:35]} 6. Nf3 {[%clk
1:23:25]} Bf5 {[%clk 1:32:40]} 7. Bd2 {[%clk 1:22:18]} e6 {[%clk 1:33:05]} 8. Nd5
{[%clk 1:15:30]} Qd8 {[%clk 1:32:04]} 9. Nxf6+ {[%clk 1:15:44]} gxf6 {[%clk
1:32:29]} 10. Bb3 {[%clk 1:03:51]} Qc7 {[%clk 1:25:16]} 11. Qe2 {[%clk 1:03:28]}
Nd7 {[%clk 1:23:51]} 12. Nh4 {[%clk 0:55:33]} Bg6 {[%clk 1:24:16]} 13. O-O-O
{[%clk 0:41:58]} O-O-O {[%clk 1:24:10]} 14. g3 {[%clk 0:41:17]} Bd6 {[%clk
1:14:46]} 15. Kb1 {[%clk 0:39:49]} Rhe8 {[%clk 1:13:19]} 16. Nxg6 {[%clk
0:39:44]} hxg6 {[%clk 1:13:43]} 17. h4 {[%clk 0:40:03]} f5 {[%clk 1:13:59]} 18.
h5 {[%clk 0:40:09]} gxh5 {[%clk 1:14:13]} 19. Bg5 {[%clk 0:39:26]} Be7 {[%clk
1:13:59]} 20. Bf4 {[%clk 0:39:46]} Bd6 {[%clk 1:14:22]} 21. Bg5 {[%clk 0:37:19]}
Be7 {[%clk 0:51:27]} 22. Bf4 {[%clk 0:34:47]} Bd6 {[%clk 0:51:52]} 23. Bg5 {[%clk
0:34:13]} 1/2-1/2

[Event "Irena Warakomska Memorial A"]
[Site "Suwalki"]
[Date "2021.07.30"]
[Round "5"]
[White "Jakubowski, Krzysztof"]
[Black "Licznerski, Lukasz"]
[Result "1-0"]
[Board "3"]
[WhiteElo "2497"]
[WhiteTitle "GM"]
[WhiteCountry "POL"]
[WhiteFideId "1112848"]
[WhiteEloChange "4"]
[BlackElo "2400"]
[BlackTitle "FM"]
[BlackCountry "POL"]
[BlackFideId "1179250"]
[BlackEloChange "-4"]

1. e4 {[%clk 1:30:55]} c5 {[%clk 1:30:38]} 2. Nc3 {[%clk 1:31:00]} Nc6 {[%clk
1:28:34]} 3. Bb5 {[%clk 1:31:05]} Nd4 {[%clk 1:28:58]} 4. Nf3 {[%clk 1:31:27]} g6
{[%clk 1:28:34]} 5. Ba4 {[%clk 1:30:58]} Bg7 {[%clk 1:28:47]} 6. O-O {[%clk
1:31:16]} a6 {[%clk 1:23:37]} 7. Nxd4 {[%clk 1:30:42]} cxd4 {[%clk 1:24:01]} 8.
Ne2 {[%clk 1:30:58]} b5 {[%clk 1:23:02]} 9. Bb3 {[%clk 1:31:20]} Bb7 {[%clk
1:23:16]} 10. d3 {[%clk 1:30:39]} d5 {[%clk 1:21:15]} 11. f3 {[%clk 1:19:50]} e6
{[%clk 1:16:44]} 12. a4 {[%clk 1:04:02]} Ne7 {[%clk 1:11:16]} 13. Bg5 {[%clk
1:02:29]} h6 {[%clk 1:05:55]} 14. Bh4 {[%clk 0:52:14]} b4 {[%clk 0:43:16]} 15. a5
{[%clk 0:47:46]} Bc6 {[%clk 0:43:11]} 16. Qd2 {[%clk 0:46:32]} Rb8 {[%clk
0:38:29]} 17. Nf4 {[%clk 0:35:29]} Qd6 {[%clk 0:12:49]} 18. Bg3 {[%clk 0:09:43]}
e5 {[%clk 0:13:18]} 19. Nxd5 {[%clk 0:10:01]} Bxd5 {[%clk 0:13:47]} 20. exd5
{[%clk 0:10:20]} g5 {[%clk 0:14:11]} 21. c4 {[%clk 0:07:29]} bxc3 {[%clk
0:14:20]} 22. Ba4+ {[%clk 0:07:55]} Kf8 {[%clk 0:14:46]} 23. bxc3 {[%clk
0:08:21]} dxc3 {[%clk 0:14:23]} 24. Qxc3 {[%clk 0:08:01]} Nxd5 {[%clk 0:13:58]}
25. Qc6 {[%clk 0:06:05]} Qxc6 {[%clk 0:13:06]} 26. Bxc6 {[%clk 0:06:29]} Nb4
{[%clk 0:07:58]} 27. Be4 {[%clk 0:05:58]} Rb5 {[%clk 0:07:46]} 28. Rfc1 {[%clk
0:04:28]} Bf6 {[%clk 0:07:28]} 29. Bc6 {[%clk 0:02:58]} Nxc6 {[%clk 0:01:21]} 30.
Rxc6 {[%clk 0:03:20]} Kg7 {[%clk 0:01:50]} 31. Rxa6 {[%clk 0:03:35]} e4 {[%clk
0:00:32]} 32. Rxf6 {[%clk 0:03:26]} Kxf6 {[%clk 0:01:00]} 33. dxe4 {[%clk
0:03:47]} Kg6 {[%clk 0:00:32]} 34. a6 {[%clk 0:03:52]} Ra8 {[%clk 0:01:00]} 35.
a7 {[%clk 0:04:01]} f5 {[%clk 0:00:53]} 36. Ra6+ {[%clk 0:03:44]} Kh7 {[%clk
0:00:33]} 37. exf5 {[%clk 0:02:14]} Rxf5 {[%clk 0:00:57]} 38. h4 {[%clk 0:02:06]}
Rf7 {[%clk 0:00:31]} 39. hxg5 {[%clk 0:02:05]} hxg5 {[%clk 0:00:49]} 40. Bf2
{[%clk 0:31:48]} Rg7 {[%clk 0:30:31]} 41. g4 {[%clk 0:27:32]} Re7 {[%clk
0:23:33]} 42. Ra5 {[%clk 0:23:08]} Kg6 {[%clk 0:23:45]} 43. Kg2 {[%clk 0:23:26]}
Re6 {[%clk 0:22:27]} 44. Kg3 {[%clk 0:23:47]} Re7 {[%clk 0:21:42]} 45. Bd4 {[%clk
0:22:47]} Re6 {[%clk 0:14:29]} 46. Kf2 {[%clk 0:22:58]} Kh6 {[%clk 0:14:49]} 47.
Be3 {[%clk 0:23:22]} Rg6 {[%clk 0:15:17]} 48. Rb5 {[%clk 0:16:21]} Rg7 {[%clk
0:14:15]} 49. Rb6+ {[%clk 0:16:31]} Kh7 {[%clk 0:14:29]} 50. Ra6 {[%clk 0:16:36]}
Rgg8 {[%clk 0:04:40]} 51. Ra5 {[%clk 0:16:24]} Rg7 {[%clk 0:04:16]} 52. Ke2
{[%clk 0:16:08]} Re7 {[%clk 0:04:28]} 53. Kd3 {[%clk 0:12:02]} Rd8+ {[%clk
0:04:47]} 54. Bd4 {[%clk 0:12:25]} Red7 {[%clk 0:04:36]} 55. Ra4 {[%clk 0:12:47]}
Rf7 {[%clk 0:04:38]} 56. a8=Q {[%clk 0:09:14]} Rxa8 {[%clk 0:04:29]} 57. Rxa8
{[%clk 0:09:39]} Rxf3+ {[%clk 0:04:56]} 58. Be3 {[%clk 0:10:03]} Rg3 {[%clk
0:04:58]} 59. Ra4 {[%clk 0:10:28]} Kg6 {[%clk 0:04:52]} 60. Ke2 {[%clk 0:10:49]}
1-0

[Event "Irena Warakomska Memorial A"]
[Site "Suwalki"]
[Date "2021.07.30"]
[Round "5"]
[White "Szpar, Milosz"]
[Black "Tomczak, Jacek"]
[Result "1/2-1/2"]
[Board "4"]
[WhiteElo "2392"]
[WhiteTitle "FM"]
[WhiteCountry "POL"]
[WhiteFideId "1184989"]
[WhiteEloChange "5"]
[BlackElo "2603"]
[BlackTitle "GM"]
[BlackCountry "POL"]
[BlackFideId "1124668"]
[BlackEloChange "-3"]

1. e4 {[%clk 1:28:48]} c6 {[%clk 1:30:56]} 2. d4 {[%clk 1:29:03]} d5 {[%clk
1:31:12]} 3. e5 {[%clk 1:29:02]} c5 {[%clk 1:31:30]} 4. dxc5 {[%clk 1:28:51]} e6
{[%clk 1:31:50]} 5. a3 {[%clk 1:28:41]} Bxc5 {[%clk 1:31:47]} 6. Qg4 {[%clk
1:28:03]} Bf8 {[%clk 1:31:10]} 7. Nf3 {[%clk 1:26:39]} Ne7 {[%clk 1:30:54]} 8.
Bd3 {[%clk 1:25:38]} Nd7 {[%clk 1:29:55]} 9. O-O {[%clk 1:22:00]} Nc5 {[%clk
1:20:36]} 10. Nc3 {[%clk 1:10:26]} Nxd3 {[%clk 1:13:23]} 11. cxd3 {[%clk
1:09:22]} Bd7 {[%clk 1:13:13]} 12. Be3 {[%clk 0:54:54]} Nf5 {[%clk 0:58:57]} 13.
Nd4 {[%clk 0:52:52]} h5 {[%clk 0:55:10]} 14. Qf4 {[%clk 0:51:58]} Nxd4 {[%clk
0:38:06]} 15. Bxd4 {[%clk 0:51:08]} Be7 {[%clk 0:36:13]} 16. Qg3 {[%clk 0:43:38]}
g6 {[%clk 0:34:40]} 17. Nxd5 {[%clk 0:37:03]} Ba4 {[%clk 0:19:26]} 18. Nxe7
{[%clk 0:35:25]} Qxd4 {[%clk 0:19:48]} 19. Nxg6 {[%clk 0:24:40]} fxg6 {[%clk
0:14:52]} 20. Qxg6+ {[%clk 0:24:57]} Kd8 {[%clk 0:15:11]} 21. Rac1 {[%clk
0:19:02]} Bc6 {[%clk 0:14:46]} 22. Qxe6 {[%clk 0:16:00]} Qd7 {[%clk 0:13:56]} 23.
Qc4 {[%clk 0:08:18]} Kc7 {[%clk 0:13:38]} 24. e6 {[%clk 0:07:08]} Qd6 {[%clk
0:13:47]} 25. d4 {[%clk 0:07:22]} Rad8 {[%clk 0:11:30]} 26. e7 {[%clk 0:06:48]}
Rd7 {[%clk 0:11:45]} 27. Rfe1 {[%clk 0:05:48]} Re8 {[%clk 0:11:39]} 28. b4 {[%clk
0:04:39]} Qd5 {[%clk 0:06:59]} 29. f3 {[%clk 0:04:36]} a6 {[%clk 0:05:50]} 30.
Re5 {[%clk 0:01:36]} Qxd4+ {[%clk 0:05:29]} 31. Qxd4 {[%clk 0:02:00]} Rxd4 {[%clk
0:05:57]} 32. Rce1 {[%clk 0:01:50]} Kd6 {[%clk 0:04:34]} 33. R1e3 {[%clk
0:01:41]} h4 {[%clk 0:03:18]} 34. Re6+ {[%clk 0:01:25]} Kd7 {[%clk 0:03:32]} 35.
R6e5 {[%clk 0:01:49]} Rd2 {[%clk 0:02:58]} 36. h3 {[%clk 0:01:43]} Rd5 {[%clk
0:01:17]} 37. Re6 {[%clk 0:01:59]} Rd1+ {[%clk 0:01:24]} 38. Kf2 {[%clk 0:02:17]}
Rd2+ {[%clk 0:01:48]} 39. Kg1 {[%clk 0:02:38]} Rd1+ {[%clk 0:00:46]} 40. Kf2
{[%clk 0:33:03]} Rd5 {[%clk 0:30:58]} 41. Ke1 {[%clk 0:31:44]} Rh5 {[%clk
0:23:44]} 42. Kf2 {[%clk 0:27:11]} Rh7 {[%clk 0:23:18]} 43. R3e5 {[%clk 0:27:30]}
Bb5 {[%clk 0:19:55]} 44. Re4 {[%clk 0:27:28]} Bd3 {[%clk 0:16:18]} 45. Re3 {[%clk
0:27:19]} Bb5 {[%clk 0:12:59]} 46. R3e4 {[%clk 0:25:51]} Rexe7 {[%clk 0:07:56]}
47. Rxe7+ {[%clk 0:26:14]} Rxe7 {[%clk 0:08:23]} 48. Rxh4 {[%clk 0:26:37]} Re2+
{[%clk 0:08:50]} 49. Kg3 {[%clk 0:21:21]} Ra2 {[%clk 0:09:15]} 50. Rg4 {[%clk
0:21:26]} Bf1 {[%clk 0:06:35]} 51. Kh2 {[%clk 0:21:34]} Rxa3 {[%clk 0:06:26]} 52.
h4 {[%clk 0:20:01]} Rc3 {[%clk 0:01:22]} 53. h5 {[%clk 0:15:24]} Ke6 {[%clk
0:01:18]} 54. Rg7 {[%clk 0:14:20]} Kf6 {[%clk 0:00:40]} 55. h6 {[%clk 0:13:40]}
Rc2 {[%clk 0:00:41]} 56. Kg1 {[%clk 0:12:50]} Bxg2 {[%clk 0:00:45]} 57. Rxg2
{[%clk 0:12:31]} Rxg2+ {[%clk 0:01:12]} 1/2-1/2

[Event "Irena Warakomska Memorial A"]
[Site "Suwalki"]
[Date "2021.07.30"]
[Round "5"]
[White "Chatalbashev, Boris"]
[Black "Zylka, Stanislaw"]
[Result "1-0"]
[Board "5"]
[WhiteElo "2535"]
[WhiteTitle "GM"]
[WhiteCountry "DEN"]
[WhiteFideId "2900440"]
[WhiteEloChange "3"]
[BlackElo "2362"]
[BlackTitle "FM"]
[BlackCountry "POL"]
[BlackFideId "1189654"]
[BlackEloChange "-5"]

1. Nf3 {[%clk 1:30:57]} d5 {[%clk 1:29:26]} 2. c4 {[%clk 1:31:03]} e6 {[%clk
1:29:25]} 3. d4 {[%clk 1:30:40]} Nf6 {[%clk 1:29:48]} 4. Nc3 {[%clk 1:31:02]} Bb4
{[%clk 1:30:09]} 5. g3 {[%clk 1:30:59]} O-O {[%clk 1:29:34]} 6. Bg2 {[%clk
1:31:25]} dxc4 {[%clk 1:25:50]} 7. O-O {[%clk 1:31:48]} Nc6 {[%clk 1:25:42]} 8.
Qa4 {[%clk 1:32:09]} Bd7 {[%clk 1:22:12]} 9. Bg5 {[%clk 1:32:31]} a5 {[%clk
1:17:16]} 10. Bxf6 {[%clk 1:32:41]} gxf6 {[%clk 1:13:02]} 11. Qc2 {[%clk
1:33:02]} Re8 {[%clk 1:00:33]} 12. Rfd1 {[%clk 1:32:30]} Bd6 {[%clk 0:47:19]} 13.
Nb5 {[%clk 1:25:02]} Nb4 {[%clk 0:45:55]} 14. Qxc4 {[%clk 1:21:23]} Bxb5 {[%clk
0:45:47]} 15. Qxb5 {[%clk 1:21:47]} c6 {[%clk 0:45:54]} 16. Qh5 {[%clk 1:21:32]}
a4 {[%clk 0:42:34]} 17. a3 {[%clk 1:16:19]} Na6 {[%clk 0:38:40]} 18. e4 {[%clk
1:05:58]} Nc7 {[%clk 0:38:42]} 19. Ne5 {[%clk 1:04:21]} fxe5 {[%clk 0:33:09]} 20.
dxe5 {[%clk 1:04:43]} Bc5 {[%clk 0:32:33]} 21. Rxd8 {[%clk 1:04:45]} Rexd8 {[%clk
0:32:50]} 22. Bf3 {[%clk 0:59:15]} Nb5 {[%clk 0:29:27]} 23. Qg5+ {[%clk 0:58:25]}
Kf8 {[%clk 0:29:46]} 24. Bh5 {[%clk 0:58:02]} Rd7 {[%clk 0:29:51]} 25. Rd1 {[%clk
0:52:57]} Nd4 {[%clk 0:29:22]} 26. Kg2 {[%clk 0:51:56]} Ra5 {[%clk 0:26:04]} 27.
Qf6 {[%clk 0:51:35]} Rb5 {[%clk 0:26:12]} 28. Qh8+ {[%clk 0:49:02]} Ke7 {[%clk
0:26:36]} 29. Rd2 {[%clk 0:49:25]} Bb6 {[%clk 0:26:02]} 30. f4 {[%clk 0:48:34]}
Ba5 {[%clk 0:23:32]} 31. f5 {[%clk 0:43:52]} exf5 {[%clk 0:22:54]} 32. Qf6+
{[%clk 0:43:48]} Ke8 {[%clk 0:23:05]} 33. e6 {[%clk 0:42:27]} Nxe6 {[%clk
0:22:32]} 34. Qxe6+ {[%clk 0:42:33]} 1-0

[Event "Irena Warakomska Memorial A"]
[Site "Suwalki"]
[Date "2021.07.30"]
[Round "5"]
[White "Nasuta, Grzegorz"]
[Black "Nurkiewicz, Maciej"]
[Result "1-0"]
[Board "6"]
[WhiteElo "2518"]
[WhiteTitle "GM"]
[WhiteCountry "POL"]
[WhiteFideId "1141686"]
[WhiteEloChange "3"]
[BlackElo "2342"]
[BlackCountry "POL"]
[BlackFideId "1107046"]
[BlackEloChange "-5"]

1. e4 {[%clk 1:30:58]} e5 {[%clk 1:30:54]} 2. Nf3 {[%clk 1:31:23]} Nf6 {[%clk
1:31:18]} 3. d4 {[%clk 1:31:48]} Nxe4 {[%clk 1:31:33]} 4. dxe5 {[%clk 1:32:11]}
d5 {[%clk 1:30:28]} 5. Nbd2 {[%clk 1:32:17]} Be7 {[%clk 1:19:44]} 6. Nxe4 {[%clk
1:31:55]} dxe4 {[%clk 1:20:07]} 7. Qxd8+ {[%clk 1:32:19]} Bxd8 {[%clk 1:20:30]}
8. Nd4 {[%clk 1:32:43]} Bd7 {[%clk 1:07:21]} 9. Bf4 {[%clk 1:24:04]} Nc6 {[%clk
1:07:43]} 10. O-O-O {[%clk 1:24:10]} Nxd4 {[%clk 1:00:03]} 11. Rxd4 {[%clk
1:24:04]} Bf5 {[%clk 0:57:25]} 12. Rb4 {[%clk 1:15:05]} c6 {[%clk 0:57:24]} 13.
Rxb7 {[%clk 1:14:46]} Bb6 {[%clk 0:57:44]} 14. Bc4 {[%clk 1:15:10]} O-O {[%clk
0:53:42]} 15. Be3 {[%clk 1:06:21]} Be6 {[%clk 0:37:33]} 16. Be2 {[%clk 0:48:42]}
Rab8 {[%clk 0:27:31]} 17. Rxb8 {[%clk 0:43:49]} Rxb8 {[%clk 0:24:13]} 18. Bxb6
{[%clk 0:42:24]} axb6 {[%clk 0:24:30]} 19. Rd1 {[%clk 0:42:48]} c5 {[%clk
0:21:07]} 20. Bb5 {[%clk 0:31:41]} f5 {[%clk 0:20:27]} 21. exf6 {[%clk 0:27:03]}
gxf6 {[%clk 0:20:51]} 22. Rd6 {[%clk 0:25:24]} Kf7 {[%clk 0:21:11]} 23. Bd7
{[%clk 0:25:50]} Bxd7 {[%clk 0:13:12]} 24. Rxd7+ {[%clk 0:26:18]} Kg6 {[%clk
0:13:34]} 25. Kd2 {[%clk 0:26:26]} b5 {[%clk 0:09:28]} 26. Rd5 {[%clk 0:20:56]}
c4 {[%clk 0:08:24]} 27. a3 {[%clk 0:13:58]} f5 {[%clk 0:08:17]} 28. Ke3 {[%clk
0:13:24]} Kg5 {[%clk 0:08:22]} 29. h3 {[%clk 0:10:53]} h5 {[%clk 0:08:10]} 30. g3
{[%clk 0:11:15]} Rb6 {[%clk 0:06:29]} 31. c3 {[%clk 0:08:08]} Rb8 {[%clk
0:06:35]} 32. f3 {[%clk 0:08:12]} exf3 {[%clk 0:06:27]} 33. Kxf3 {[%clk 0:08:37]}
1-0